| 000 | 00398nam a2200157Ia 4500 | ||
|---|---|---|---|
| 008 | 210716s1982 xx 000 0 und d | ||
| 041 | _aeng | ||
| 082 | _a519.2 LEVB | ||
| 100 | _aLevin, B R. | ||
| 245 | _aStatistical communication theory and its applications. | ||
| 250 | _a1 | ||
| 260 |
_aMoscow _c1982 |
||
| 300 | _a319 | ||
| 650 | _aStatistical Mathematics(519.5) | ||
| 700 | _aLevin, B R. | ||
| 999 |
_c181436 _d181436 |
||